Songs for the Flannel board : (Record no. 10074)
[ view plain ]
| 000 -LEADER | |
|---|---|
| fixed length control field | 00997nam a22002537a 4500 |
| 001 - CONTROL NUMBER | |
| control field | 10074 |
| 003 - CONTROL NUMBER IDENTIFIER | |
| control field | FISKH |
| 005 - DATE AND TIME OF LATEST TRANSACTION | |
| control field | 20260403105418.0 |
| 008 - FIXED-LENGTH DATA ELEMENTS--GENERAL INFORMATION | |
| fixed length control field | 260403b cb ||||| |||| 00| 0 eng d |
| 020 ## - INTERNATIONAL STANDARD BOOK NUMBER | |
| International Standard Book Number | 9780513019461 |
| 040 ## - CATALOGING SOURCE | |
| Original cataloging agency | FISKH |
| Language of cataloging | eng |
| Transcribing agency | FISKH |
| Modifying agency | FISKH |
| 050 ## - LIBRARY OF CONGRESS CALL NUMBER | |
| Classification number | LB1044.9 .F55 .W34 |
| 082 ## - DEWEY DECIMAL CLASSIFICATION NUMBER | |
| Classification number | 372.2 |
| 100 ## - MAIN ENTRY--PERSONAL NAME | |
| Personal name | Walters, Connie |
| 245 ## - TITLE STATEMENT | |
| Title | Songs for the Flannel board : |
| Remainder of title | New songs to familiar melodies with pictures for the Flannel board / |
| Statement of responsibility, etc. | By Connie Walters ; Illustrations by Diane Wood Totten |
| 260 ## - PUBLICATION, DISTRIBUTION, ETC. | |
| Place of publication, distribution, etc. | Minnesota : |
| Name of publisher, distributor, etc. | T.S. Denison, |
| Date of publication, distribution, etc. | 1989. |
| 300 ## - PHYSICAL DESCRIPTION | |
| Extent | 54 pages : |
| Other physical details | illustrations ; |
| Dimensions | 28 cm |
| 520 ## - SUMMARY, ETC. | |
| Summary, etc. | A collection of songs and flannel board activities for young children, using familiar melodies and picture pieces to support music, storytelling, and early literacy learning. |
| 650 ## - SUBJECT ADDED ENTRY--TOPICAL TERM | |
| Topical term or geographic name entry element | Children’s songs |
| Form subdivision | Activity songs |
| 650 ## - SUBJECT ADDED ENTRY--TOPICAL TERM | |
| Topical term or geographic name entry element | Study and teaching |
| Form subdivision | Early childhood |
| 700 ## - ADDED ENTRY--PERSONAL NAME | |
| Personal name | Totten, Diane |
| Relator term | Author |
| 942 ## - ADDED ENTRY ELEMENTS (KOHA) | |
| Source of classification or shelving scheme | Dewey Decimal Classification |
| Koha item type | Books |
| Suppress in OPAC | No |
| Withdrawn status | Lost status | Source of classification or shelving scheme | Damaged status | Not for loan | Collection | Home library | Current library | Shelving location | Date acquired | Total Checkouts | Full call number | Barcode | Date last seen | Copy number | Price effective from | Koha item type |
|---|---|---|---|---|---|---|---|---|---|---|---|---|---|---|---|---|
| Dewey Decimal Classification | Reference | Footprints International School Library Network Toul Tom Poung Campus | Footprints International School Library Network Toul Tom Poung Campus | Librarian's Shelf TTP | 04/03/2026 | WAT 372.2 LB1044.9 .F55 .W34 | 2026-0454 | 04/03/2026 | 1 | 04/03/2026 | Books |
